000 00437nam a2200133Ia 4500
008 170516s9999 xx 000 0 und d
245 2 _aA case of congenital rubella- osseous manifestations
260 _bRadiology of Infectious Diseases
260 _c2016
300 _a:
650 _xRadiologic Technology
650 _xRadtech
856 _uhttps://www.journals.elsevier.com/radiology-of-infectious-diseases/most-downloaded-articles
999 _c332079
_d332079